|
|
|
|
| LEADER |
00000cam a2200000 7i4500 |
| 001 |
0000061670 |
| 005 |
20160320.0 |
| 008 |
070730 |
| 020 |
|
|
|a 9781409301479
|
| 090 |
0 |
0 |
|a JF
|b EDU ENG
|
| 100 |
1 |
|
|a Murray, W.
|
| 245 |
1 |
0 |
|a Adventure at the castle
|c Written by W. Murray; illustrated by J.H. Wingfield
|
| 260 |
|
|
|a London :
|b Ladybird
|
| 440 |
|
0 |
|a Key words with Ladybird,10b
|
| 500 |
|
|
|a Children ages 7-9 years old (orange)
|
| 650 |
|
0 |
|a Adventure
|
| 650 |
|
0 |
|a Junior fiction
|x English
|x Languages
|
| 700 |
1 |
|
|a Wingfield, J.H.
|
| 710 |
0 |
|
|a Title
|
| 999 |
|
|
|a 0001394176
|b Book
|c Children Collection
|e Cawangan Taman Universiti
|
| 999 |
|
|
|a 0001394177
|b Book
|c Children Collection
|e Cawangan Segamat
|
| 999 |
|
|
|a 0001394178
|b Book
|c Children Collection
|e Cawangan Bandar Tenggara
|
| 999 |
|
|
|a 0001394180
|b Book
|c Children Collection
|e Cawangan Pontian
|
| 999 |
|
|
|a 0001394181
|b Book
|c Children Collection
|e Cawangan Taman Sri Lambak
|
| 999 |
|
|
|a 0001394182
|b Book
|c Children Collection
|e Cawangan Tangkak
|
| 999 |
|
|
|a 0001394183
|b Book
|c Children Collection
|e Cawangan Bukit Gambir
|
| 999 |
|
|
|a 0001394184
|b Book
|c Children Collection
|e Cawangan Tmn. Ungku Tun Aminah
|
| 999 |
|
|
|a 0001394185
|b Book
|c Children Collection
|e Cawangan Sri Merlong
|
| 999 |
|
|
|a 0001394186
|b Book
|c Children Collection
|e Cawangan Bandar Penawar
|
| 999 |
|
|
|a 0001394187
|b Book
|c Children Collection
|e Cawangan Batu Pahat
|
| 999 |
|
|
|a 0001394719
|b Book
|c Children Collection
|e Cawangan Muar
|